000 03525namaa22004451i 4500
003 EG-GICUC
005 20260225101619.0
008 260214s2025 ua a|||frm||| 000 0 eng d
040 _aEG-GICUC
_beng
_cEG-GICUC
_dEG-GICUC
_erda
041 0 _aeng
_beng
_bara
049 _aDeposit
082 0 4 _a621.8
092 _a621.8
_221
097 _aM.Sc
099 _aCai01.13.13.Ph.D.2025.Ma.R
100 0 _aMark Nassef Naguib Youssef,
_epreparation.
245 1 0 _aRatcheting behavior of defected pressurized pipes under cyclic moment /
_cby Mark Nassef Naguib Youssef ; Supervisors Prof. Mohammad M. Megahed, Prof. Dr. Chahinaz A. Saleh, Dr. Sahour N. Sayed.
246 1 5 _aتصعيد الانفعال اللدن للأنابيب المعيبة المنضغطة تحت التحميل بالعزوم الدورية
264 0 _c2025.
300 _a140 pages :
_billustrations ;
_c30 cm. +
_eCD.
336 _atext
_2rda content
337 _aUnmediated
_2rdamedia
338 _avolume
_2rdacarrier
502 _aThesis (Ph.D)-Cairo University, 2025.
504 _aBibliography: pages 131-140.
520 3 _aThis thesis investigates the ratcheting and shakedown behavior of defected pressurized pipelines under cyclic loading. A combined experimental and FE approach was employed to analyze the effects of defect geometry and loading conditions. The FE models were validated against the experimentally recorded outcomes revealing adequate correlation, achieving acceptable accuracy. Extensive parametric studies and logistic regression analyses were conducted to predict failure mechanisms. The findings provide valuable insights into structural integrity assessment and pipeline durability under cyclic stresses.
520 3 _aتُستخدم المواسير في تطبيقات صناعية حساسة مثل المحطات النووية والبتروكيميائية، حيث تتعرض لأحمال دورية قد تؤدي إلى دخولها في مرحلة اللدونة، خاصة مع وجود عيوب مثل الصدأ. الدراسات السابقة ركزت على المواسير السليمة، لكن هذه الدراسة تتناول سلوك المواسير المضغوطة التي تحتوي على عيوب وتتعرض لعزوم دورية. تم إعداد نموذج ثلاثي الأبعاد باستخدام Abaqus لمحاكاة هذا السلوك، مع تصميم جهاز اختبار خاص. كما تم اختبار خصائص مادة ماسورة 2 بوصة عمليًا واستخدامها في النمذجة. تهدف الدراسة إلى تحليل تأثير العيوب المختلفة على حدود التصعيد والسلوك اللدن.
530 _aIssues also as CD.
546 _aText in English and abstract in Arabic & English.
650 0 _aMechanical Design
650 0 _aالتصميم الميكانيكي
653 1 _aRatcheting
_aShakedown
_aPressurized Pipes
_aCyclic Moment
_aالمواسير المضغوطة
_aالعيوب
700 0 _aMohammad M. Megahed
_ethesis advisor.
700 0 _aChahinaz A. Saleh
_ethesis advisor.
700 0 _aSahour N. Sayed
_ethesis advisor.
900 _b01-01-2025
_cMohammad M. Megahed
_cChahinaz A. Saleh
_cSahour N. Sayed
_dLaila S. Bayoumi
_dHany F. Abdallah
_UCairo University
_FFaculty of Engineering
_DDepartment of Mechanical Design and Production Engineering
905 _aShimaa
_eEman Ghareb
942 _2ddc
_cTH
_e21
_n0
999 _c178456